El niño de 1 a 5 años: guía para el estudio del niño preescolar

I tiakina i:
Ngā taipitopito rārangi puna kōrero
Kaituhi matua: Gesell, Arnold Lucius (Author)
Hōputu: Pukapuka
Reo:Pāniora
I whakaputaina: Buenos Aires Paidos 1979
Rangatū:Biblioteca de Psicología Evolutiva, 2
Ngā marau:
Ngā Tūtohu: Tāpirihia he Tūtohu
Kāore He Tūtohu, Me noho koe te mea tuatahi ki te tūtohu i tēnei pūkete!

MARC

LEADER 00000nam a2200000 a 4500
001 UCY4061
003 CL-VaPUC
008 950227e19790000AG |||||||||||||||||spa|d
082 0 4 |a 155.423  |b GES  |2 21 
100 |a Gesell, Arnold Lucius  |e author  |9 488199 
245 1 3 |a El niño de 1 a 5 años: guía para el estudio del niño preescolar 
300 |a 394 p 
942 |c BK 
945 |d 19950227 00:00:00  |a rbrito 
260 |a Buenos Aires  |b Paidos  |c 1979 
650 0 |a Psicología del niño  |9 307305 
583 |a last modification  |c 20130106 11:34:27  |k Rodrigo Vera 
490 0 |a Biblioteca de Psicología Evolutiva, 2 
999 |c 232032  |d 232030 
952 |0 0  |1 0  |4 0  |6 155_423000000000000_GES_1979  |7 0  |8 R  |9 236008  |a BIBEDU  |b BIBEDU  |d 2019-11-15  |i 3057461  |o 155.423 GES 1979  |p 3057461  |r 2023-01-13  |w 2019-11-15  |y BK_R  |k EDU 
952 |0 0  |1 0  |4 0  |6 155_423000000000000_GES_1979  |7 0  |8 R  |9 236009  |a BIBEDU  |b BIBEDU  |c MCIRC  |d 2019-11-15  |i 3058646  |o 155.423 GES 1979  |p 3058646  |r 2023-01-13  |w 2019-11-15  |y BK_R  |k EDU 
952 |0 0  |1 0  |4 0  |6 155_423000000000000_GES_1979  |7 0  |8 R  |9 236010  |a BIBEDU  |b BIBEDU  |c MCIRC  |d 2019-11-15  |i 3058654  |o 155.423 GES 1979  |p 3058654  |r 2023-01-13  |w 2019-11-15  |y BK_R  |k EDU